| 000 | 01009nam a2200241 i 4500 | ||
|---|---|---|---|
| 001 | 163358 | ||
| 003 | ES-MaACL | ||
| 005 | 20230906212726.0 | ||
| 008 | 010727s1890 sp |||| | spa d | ||
| 040 |
_aCCPB | B _bspa _cCCPB | B |
||
| 080 | _a94(599)"1896/98" | ||
| 100 | 1 |
_aRetana, W. E. _9143306 |
|
| 245 | 1 | 0 |
_aReformas y otros excesos / _cpor Wenceslao E. Retana (Desengaños). |
| 260 |
_aMadrid : _bLibrería de Fernando Fé, _c1890. |
||
| 300 |
_a95 p. ; _c18 cm. |
||
| 490 | 1 |
_aFolletos filipinos ; _v4 |
|
| 530 | _aDisponible en formato digital. | ||
| 651 | 4 |
_aFilipinas- _xHistoria- _y1896-1898, Insurrección. _9155351 |
|
| 830 | 0 |
_aFolletos filipinos ; _v4 _9188430 |
|
| 852 |
_aES-MaACL _jT-594-F-1 _z-- Enc. hol., falto de la cub. original _z-- Dedicatoria del autor al Ateneo _z-- Enc. en un vol. facticio |
||
| 856 |
_uhttp://bibliotecadigitalhispanica.bne.es:80/webclient/DeliveryManager?pid=1866610&custom_att_2=simple_viewer _zBiblioteca Digital Hispánica |
||
| 999 |
_c163358 _d163358 |
||